LEADER 00791nam0-2200289 --450 001 9910916500003321 005 20260204105535.0 010 $a0812691016 010 $a087548123X 100 $a20241216d1974----kmuy0itay5050 ba 101 $aeng 102 $aUS 105 $a 001yy 200 1 $a<>roots of reference$fW. V. Quine 210 $aLa Salle$cOpen Court$d1974 215 $aXII, 151 p.$d24 cm. 225 1 $a<>Paul Carus lectures$v14 610 0 $aFilosofia$aAspetti epistemologici 676 $a121 700 1$aQuine,$bW. V.$058505 801 0$aIT$bUNINA$gREICAT$2UNIMARC 901 $aBK 912 $a9910916500003321 952 $a10 DO 396 TA$bFONDOTAMBURRINI396/23$fDINEL 959 $aDINEL 996 $aRoots of reference$9822650 997 $aUNINA